ბათუმის შოთა რუსთაველის სახელმწიფო უნივერსიტეტის ბიბლიოთეკა

Лирика Древней Эллады и Рима / (ბიბ.ჩანაწერი № 60742)

000 -LEADER
fixed length control field 00757nam a22001817a 4500
005 - DATE AND TIME OF LATEST TRANSACTION
control field 20231018154850.0
008 - FIXED-LENGTH DATA ELEMENTS--GENERAL INFORMATION
fixed length control field 231018s1990ru xxu||||| |||| 00| 0 rus d
020 ## - INTERNATIONAL STANDARD BOOK NUMBER
International Standard Book Number 5080005521
041 ## - LANGUAGE CODE
Language code of text/sound track or separate title rus
080 ## - UNIVERSAL DECIMAL CLASSIFICATION NUMBER
Universal Decimal Classification number 821-1(37+38) Л- 62
245 ## - TITLE STATEMENT
Title Лирика Древней Эллады и Рима /
Statement of responsibility, etc. Составление и комментарии Н. И. Щавелевой.
264 ## - PRODUCTION, PUBLICATION, DISTRIBUTION, MANUFACTURE, AND COPYRIGHT NOTICE
Place of production, publication, distribution, manufacture Москва :
Name of producer, publisher, distributor, manufacturer Детская литература,
Date of production, publication, distribution, manufacture, or copyright notice 1990.
300 ## - PHYSICAL DESCRIPTION
Extent 192 с.:
Other physical details 19 см.
653 ## - INDEX TERM--UNCONTROLLED
keyword Лирика Древней Эллады и Рима
653 ## - INDEX TERM--UNCONTROLLED
keyword ძველი ელადისა და რომის ლექსები
700 ## - ADDED ENTRY--PERSONAL NAME
Personal name Щавелевой, Н. И.
Relator term შემდგენელი
9 (RLIN) 20106
942 ## - ADDED ENTRY ELEMENTS (KOHA)
Source of classification or shelving scheme
Koha item type წიგნი
ეგზემპლარები
Withdrawn status Lost status Source of classification or shelving scheme Damaged status Not for loan Permanent Location Current Location Shelving location Date acquired Cost, normal purchase price Full call number Barcode Date last seen Copy number Uniform Resource Identifier Price effective from Koha item type Public note
          ბათუმის შოთა რუსთაველის სახელმწიფო უნივერსიტეტის მთავარი ბიბლიოთეკა ბათუმის შოთა რუსთაველის სახელმწიფო უნივერსიტეტის მთავარი ბიბლიოთეკა წიგნსაცავი 2023-10-18 7.00 821-1(37+38) Л- 62 65336 2023-10-18 65336 ბსუ-ს საპატიო დოქტორის გურამ ლორთქიფანიძის საჩუქარი 2023-10-18 წიგნი 7.00